Estatísticas para Quiz da Costa Rica

Clique aqui para jogar o quiz

Estatísticas Gerais

  • Esse quiz foi jogado 413 vezes
  • A pontuação média é 7 de 15

Estatísticas das Respostas

DicaResposta% Correto
Língua oficialEspanhol
98%
Países fronteiriçosPanamá
93%
Países fronteiriçosNicarágua
92%
Mar ao lesteCaribe
86%
CapitalSan José
79%
O único país americano com uma expectativa
de vida mais alta que a Costa Rica
Canadá
75%
A Costa Rica aboliu seu ______ em 1948Exército
37%
Moeda oficialColón
32%
Apelido para a espécie de lagarto
que pode correr na água
Lagarto
{Jesus} {Cristo}
28%
Rio formando grande parte da fronteira norteSan Juan
21%
Segunda maior cidadeAlajuela
19%
Vulcão mais ativo da Costa RicaArenal
19%
Prato composto por arroz e feijão
servido no café da manhã
Gallo {Pinto}
19%
Ilha no Pacífico às vezes chamada do
ponto mais ao sul da América do Norte
Ilha do {Coco}
19%
Gíria para uma pessoa
costa-riquense
Tico / Tica
19%

Distribuição das Pontuações

Percentil de Números Respondidos

Porcentagem de Pessoas com Cada Pontuação

Sua Pontuação Histórica

Você não jogou esse quiz